[Event "Sarajevo Bosnia 31st"]
[Site "Sarajevo"]
[Date "2001.05.19"]
[Round "6"]
[White "Kurajica, Bojan"]
[Black "Atalik, Suat"]
[Result "1/2-1/2"]
[WhiteElo "2567"]
[BlackElo "2537"]
[Annotator "Atalik,S"]
[PlyCount "107"]
[EventDate "2001.05.13"]
[EventType "tourn"]
[EventRounds "9"]
[EventCountry "BIH"]
[EventCategory "16"]
[SourceTitle "CBM 084"]
[Source "ChessBase"]
[SourceDate "2001.09.13"]
[SourceVersion "1"]
[SourceVersionDate "2001.09.13"]
[SourceQuality "1"]

1. Nf3 Nf6 2. g3 g6 3. b3 Bg7 4. Bb2 c5 5. c4 b6 6. Bg2 Bb7 7. O-O O-O 8. e3 d5
9. cxd5 Nxd5 10. Bxg7 Kxg7 11. d4 Na6 12. Qe2 cxd4 13. Nxd4 e5 $146 {After a
slow opening this is the first important step in the game.} (13... Nc5 14. Rd1
Qc8 {was seen in Barbero-Gy.Horvath,SWZ(opench)1992.}) 14. Nb5 Qe7 15. Rd1 Rfd8
$6 {After a long thought I have decided for this meek move.} (15... Rad8 $1 16.
N1c3 (16. Nxa7 $2 Nxe3 17. Rxd8 Rxd8 18. fxe3 Bxg2 19. Qxa6 Bh3 20. Na3 Qc5 21.
Re1 Rd2 $19) (16. Nd2 Nc5 17. Nc4 Bc6 $13) 16... Nxc3 17. Nxc3 Bxg2 18. Kxg2
Nc7 $11) 16. Nd2 $1 {All of a sudden the position becomes extremely tactical.}
Nac7 $6 (16... Rac8 $6 17. Ne4 (17. Nxa7 $2 {This lose a piece.} Nc3 18. Qe1
Rc5 $19) 17... Nc5 18. Ned6 $3 (18. Nxa7 $2 Nxe4 19. Nxc8 Rxc8 20. Bxe4 Nc3 $19
) (18. Rac1 $2 {Actually this positional move is a bad mistake.} Nxe4 19. Rxc8
Rxc8 20. Bxe4 Rc5 $1 $17 {and because of c3 square black gets avery nasty edge.
}) 18... Rxd6 (18... Nc3 19. Qg4 h5 20. Nf5+ Kf8 21. Nxe7 $1 (21. Qc4 $2 gxf5
22. Rxd8+ Qxd8 23. Nxa7 Qd2 $1 $19 {Black starts a terrific attack on the king.
}) 21... hxg4 22. Nxc8 Rxd1+ 23. Rxd1 Nxd1 24. Bxb7 Nxb7 25. Ncxa7 $18) 19.
Nxd6 Qxd6 20. Bxd5 Bxd5 21. e4 Nxe4 22. Qxe4 Bxe4 23. Rxd6 Rc2 $44) (16... Nc5
$1 17. Nc4 Bc6 $14 (17... a6 $2 18. Bxd5)) 17. Nxc7 Qxc7 18. Rac1 Qe7 19. Nc4
f6 20. Rd2 Rd7 21. Bh3 $1 {Bojan continues the game with great accuracy.} (21.
Qd1 $2 Rad8 (21... e4 $5) 22. Bh3 f5 23. e4 Nf6 24. exf5 Rxd2 25. Nxd2 Qd7 26.
Qe2 Qxd2 27. Rc7+ Kh6 28. Qxd2+ Rxd2 29. Rxb7 Rxa2 $11) 21... Rdd8 (21... Rc7
22. e4 Nb4 23. Rcd1 Bc8 24. Bxc8 Raxc8 25. Nd6 $16) 22. e4 Nb4 23. Rcd1 Rxd2
24. Qxd2 $16 {After this move black is in deep trouble.} Rf8 $5 (24... Ba6 {
looks like the best among the bad-ended lines.} 25. Ne3 (25. Qc3 $6 Bc8 26.
Nxb6 axb6 27. Bxc8 Nxa2 28. Qc6 Ra7 29. Qxb6 Nc3 30. Re1 Ra2 $44) (25. Nd6 $2
Nd3) 25... Rf8 $16) (24... Nc6 25. Qd7 Kf8 26. Rd6 $1 $18) (24... Bc6 25. Nd6
a5 $16) (24... Bxe4 $2 25. Nd6 $18 {is the point.}) 25. Nd6 $4 $138 {
Incredible lapse.} (25. Qd7 Qxd7 (25... Rf7 $2 26. Nd6 Bc6 27. Qg4 h5 28. Qe2
Rf8 29. a3 $18) (25... Re8 26. Nd6 Qxd7 27. Bxd7 Rb8 28. Rc1 Na6 (28... Kf8 29.
Bb5 a6 30. Be2 Bc6 31. a3 Rd8 32. Nc4 $18) 29. Bb5 Nc5 30. b4 Ne6 31. Bd7 Rd8
32. Bxe6 Rxd6 33. Rc7+ Kh6 34. Rxb7 Rxe6 35. Rxa7 Rd6 36. b5 $1 $16) 26. Rxd7+
Rf7 27. Rxf7+ Kxf7 28. Nd6+ Ke7 29. Nxb7 Nxa2 {is the line we both saw and all
of a sudden Bojan was too much concerned about it.} 30. f4 a5 31. fxe5 fxe5 32.
Kf2 Nc1 33. Ke3 Nxb3 34. Kd3 Nd4 35. Kc4 b5+ 36. Kc5 a4 37. Kb4 Nc2+ 38. Kc3
Nd4 $16) 25... Nc6 26. f4 {After this move the game became a comedy of errors
in mutual time trouble.} Ba8 $2 $138 (26... Nd4 $1 27. Qb4 {I was annoyed
about this one.} Qc7 28. Rxd4 (28. fxe5 Nf3+ $19) 28... exd4 29. Qxd4 Rd8 30.
e5 Qc1+ $19) (26... Rd8 $5 27. fxe5 fxe5 28. Qd5 Nd4 $1 (28... Ba8 $2 29. Be6
Qg5 30. Qd3 $5 {momentarily holds.} (30. Kg2 Nd4 31. Qc4 Rxd6 32. Qc7+ Kh6 33.
Qxd6 Bxe4+ $19) (30. Qc4 Qe3+ 31. Kg2 Rf8 32. Qd3 Qxd3 33. Rxd3 Nd4 34. Bd5
Bxd5 35. exd5 Rd8 36. Nc4 Rxd5 37. Nxe5 Rxe5 38. Rxd4 Re2+ 39. Kf3 Rxa2 40.
Rd7+ Kf6 $1 (40... Kh6 41. h4 Ra3 42. Kf4 Rxb3 (42... a5 $4 43. g4 $1 {mates}
g5+ 44. Kf5 $1 $18) 43. Rxa7 $11) 41. b4 (41. Rxh7 Ra3 42. Kg4 a5 $19) 41... h5
42. h4 Ra3+ 43. Kf4 Ra4 44. Kf3 $15)) 29. Qxb7 Qxb7 30. Nxb7 Nf3+ 31. Kf2 Rxd1
32. Kxf3 Kf6 33. Ke2 Ra1 (33... Rd4 34. Ke3 Ke7 35. Bg4) 34. a4 Ke7 35. Kd3 Rh1
$17) 27. fxe5 fxe5 28. Nc4 b5 $6 {Short of time I started to overlook tactics.}
(28... Nd4 29. Bg2 (29. Nxe5 $4 Rd8 $19) 29... Rd8 30. Qe1 $15) (28... Rd8 29.
Qd7 $1 (29. Qxd8 $2 Qc5+ $19) 29... Kh8 30. Qg4 Rxd1+ 31. Qxd1 Nd4 $17) 29. Ne3
(29. Qe3 {this effort is in vain.} Rd8) 29... Nd4 30. Bg2 Qc5 31. b4 Qb6 32.
Kh1 h5 33. Nc2 Rd8 34. Qg5 Qf6 35. Qd2 Bc6 $2 ({After} 35... h4 $142 $17 {
it is very difficult to construct adefence for white.}) 36. Rf1 Qe7 (36...
Qxf1+ $2 {looks attractive but} 37. Bxf1 Bxe4+ 38. Bg2 Bxc2 39. Qc3 $14) 37.
Qc3 Nxc2 38. Qxc2 Bb7 39. a3 Rd4 40. Qe2 a6 41. h4 $11 {After the time trouble
was over,there was not much for both sides.} Qd6 42. Qf2 Qe7 43. Kh2 $1 {
Bojan still sets some small traps.} Bc6 (43... Bxe4 $4 44. Re1 Bxg2 (44... Qb7
45. Bxe4 Rxe4 46. Qg2 $18) 45. Qxd4 $18) 44. Rc1 Qd6 (44... Bxe4 $4 45. Re1 $18
{is the same trap.}) 45. Qe3 Rc4 46. Qa7+ Qd7 47. Qe3 Qd4 48. Qg5 Rxc1 49. Qxc1
Bxe4 {now the game peters out to be an immediate draw due to perpetual check.}
50. Qc7+ Kf6 51. Bxe4 Qxe4 52. Qd6+ Kf7 53. Qd7+ Kf6 54. Qd6+ 1/2-1/2

[Event "Kuala Lumpur op"]
[Site "Kuala Lumpur"]
[Date "2014.04.05"]
[Round "3"]
[White "Nguyen, Van Huy"]
[Black "Atalik, Suat"]
[Result "1/2-1/2"]
[WhiteElo "2423"]
[BlackElo "2562"]
[Annotator "Atalik,S"]
[PlyCount "65"]
[EventDate "2014.04.04"]
[EventType "swiss"]
[EventRounds "9"]
[EventCountry "MAS"]
[SourceTitle "CBM 161"]
[Source "ChessBase"]
[SourceDate "2014.07.16"]
[SourceVersion "1"]
[SourceVersionDate "2014.07.16"]
[SourceQuality "1"]

1. Nf3 Nf6 2. c4 b6 $5 3. g3 (3. d4 e6 {transposes to the Queen's Indian
Defence.}) (3. Nc3 Bb7 4. g3 c5 5. Bg2 g6 {still keeps the game within the
boundaries of the double fianchetto defence against either Reti or English
openings.}) 3... Bb7 4. Bg2 c5 5. O-O g6 6. b3 $5 {Not the most active
response.} d5 $5 {I do not like this submissive move anymore.} (6... Bg7 7. Bb2
O-O 8. Nc3 Na6 {is the regular pattern.}) 7. cxd5 Bg7 8. Bb2 O-O 9. d3 $6 (9.
Nc3 Nxd5 10. Qc1 Nc6 11. Nxd5 Qxd5 12. Bxg7 Kxg7 13. Qb2+ f6 $15) ({And what
if he played the direct} 9. Bxf6 $1 Bxf6 10. Nc3 Bxc3 11. dxc3 Bxd5 12. Qd2 Nc6
13. Rad1 Bxf3 14. Bxf3 Qc7 15. Qd7 Rac8 16. Qxc7 Rxc7 17. Bxc6 Rxc6 18. Rd7 Re6
19. e3 a5 $14 {just holds.}) 9... Nxd5 10. Bxg7 Kxg7 11. Qc1 Nc6 12. Qb2+ (12.
Nc3 e5) 12... f6 13. Nc3 (13. Ng5 Nc7) ({No danger on the d-file after} 13. d4
cxd4 14. Nxd4 Nxd4 15. Qxd4 e5 16. Qd2 Rc8 17. Rd1 Qe7 $15) 13... Nxc3 14. Qxc3
e5 $1 $15 ({No need to take a draw with} 14... Nd4 $6 15. Nxd4 cxd4 16. Qd2
Bxg2 17. Kxg2 Qd5+ 18. Kg1 Rfc8 19. Rfc1 $11) 15. e3 Rf7 16. Rfd1 Rd7 17. Ne1
Rd6 $1 18. Rd2 Qd7 19. Rad1 a5 20. Nc2 Nb4 $1 21. Bxb7 Qxb7 22. a3 Nxc2 $5 {
I regretted for a while that I might have simplified too much.} (22... Nd5 $142
23. Qb2 Rad8 $15) 23. Rxc2 Qf3 24. Rcd2 Rc6 25. Qc4 Rd8 26. Qb5 $2 (26. Qe4
$142 {was his only chance!} Qxe4 27. dxe4 Rxd2 28. Rxd2 b5 (28... g5 29. a4)
29. Rd7+ Kh6 30. Kf1 c4 31. bxc4 bxc4 32. Ke2 c3 33. Rd1 Rb6 34. Kd3 Rb2 35.
Rf1 a4 36. Kxc3 Rb3+ 37. Kc2 Rxa3 38. Rb1 Kg5 39. h3 $11 {and White keeps the
equality because of the impregnable kingside of his.}) 26... h5 (26... g5 $5
27. b4 cxb4 28. axb4 Rc2 29. bxa5 bxa5 30. Qa4 (30. Qxa5 $2 Rxd3) 30... Rdc8
31. Rf1 Rc1 32. Rdd1 $11) 27. h4 Rcd6 $2 {A terrible move.I think I was just
tired due to the combined effect of the second game of the day and my tooth
infection.} (27... g5 $3 28. Qc4 $1 (28. hxg5 $2 h4 29. gxh4 fxg5 30. Qc4 gxh4
31. Qe4 Rg6+ 32. Kf1 Qxe4 33. dxe4 Rxd2 34. Rxd2 h3 35. f4 (35. f3 a4 $3 36.
bxa4 c4 $19) 35... a4 $3 36. bxa4 c4 37. Rd7+ Kh6 38. Rd8 c3 $19) (28. Kh2 $6
Rcd6 29. Qc4 (29. Rg1 e4 $19) 29... e4 $17) 28... Rcd6 $1 (28... gxh4 29. Qxh4
Rcd6 30. Qh1 Qg4 31. Qh4 Qxh4 32. gxh4 f5 33. Kf1 Rg6 34. d4 $132) 29. a4 (29.
Kh2 e4 30. hxg5 fxg5 31. Qc3+ Qf6 32. Qxf6+ Kxf6 33. d4 cxd4 34. exd4 Kf5 $17)
(29. hxg5 fxg5 30. Qc3 Kf6 $17) 29... Kh6 $1 (29... e4 30. hxg5 fxg5 31. Qc3+
Qf6 32. Qc4 $11) 30. Kf1 $1 $15 gxh4 31. Qxh4 e4 32. d4 Rd5 $17) (27... Rdc8
28. Rc1) 28. b4 cxb4 29. axb4 Qc6 30. Qxc6 Rxc6 31. bxa5 bxa5 32. Ra1 Rc3 33.
Rxa5 {Nothing is left to continue the game for.} (33. Rxa5 Rcxd3 34. Ra7+ Kh6
35. Rda2 R3d7 $11) 1/2-1/2

[Event "SRB Central-ch op-A 9th"]
[Site "Paracin"]
[Date "2016.07.11"]
[Round "5"]
[White "Atalik, Suat"]
[Black "Nestorovic, Dejan"]
[Result "1/2-1/2"]
[WhiteElo "2564"]
[BlackElo "2387"]
[Annotator "Atalik,S"]
[PlyCount "157"]
[EventDate "2016.07.07"]
[EventType "swiss"]
[EventRounds "9"]
[EventCountry "SRB"]
[SourceTitle "CBM 174"]
[Source "ChessBase"]
[SourceDate "2016.09.13"]
[SourceVersion "1"]
[SourceVersionDate "2016.09.13"]
[SourceQuality "1"]
[WhiteClock "0:05:31"]
[BlackClock "0:06:49"]

1. Nf3 c5 2. c4 Nc6 3. d4 cxd4 4. Nxd4 e5 $5 5. Nc2 $5 (5. Nb5 d6 6. g3 $5 (6.
N1c3 a6 7. Na3 Be6 8. g3 f5 9. Bg2 Nf6 10. O-O Be7 {does not appeal to me
because of Na3.})) 5... d6 6. Nc3 (6. e4) 6... Be6 7. e4 Be7 (7... f5 8. exf5
Bxf5 9. Bd3 $16) 8. Be2 a6 $5 {Black may play this move sooner or later.} ({
I am not afraid of the exchange of bishops} 8... Bg5 $5 9. O-O (9. Bxg5 Qxg5
10. Nb5)) (8... Nf6 9. O-O O-O 10. Be3 Rc8 11. Qd2) 9. O-O Nf6 10. Be3 O-O 11.
Qd2 Rc8 (11... Ng4 12. Bxg4 Bxg4 13. Nd5 $14) 12. Rfc1 $5 $146 {Playing it safe
} ({although} 12. Rfd1 Na5 13. b3 b5 14. cxb5 Qc7 15. Nd5 Bxd5 16. exd5 Qxc2
17. bxa6 Qxd2 18. Bxd2 Rc2 19. Kf1 $44 {is possible.}) 12... h6 13. Ne1 Nb8 $5
(13... Nxe4 $5 14. Nxe4 f5 15. Nc3 f4 16. Nf3 fxe3 17. Qxe3 Qa5 18. Rd1 $13 {
it is not clear whose advantage it is in the minor piece exchange.}) 14. b3
Nbd7 15. h3 $5 Rc7 16. Nd3 Qb8 17. Nb4 (17. Bg4 Nxg4 18. hxg4 Rcc8 19. f3 Bd8
$132) 17... Rcc8 $1 (17... Rfc8 $2 18. Bg4 $1) 18. Nbd5 $5 {Rushing things for
the first time in this game.} (18. Rab1 Bd8 19. Rd1 Nc5 20. Bf3 Ba5 21. a3 Rfd8
22. Qc1 $14) 18... Bxd5 19. Nxd5 Nxd5 20. cxd5 (20. Qxd5 Rc6 $14) 20... Nf6 21.
Qd3 Rxc1+ 22. Rxc1 Rc8 23. Rc2 (23. Rc4 Rxc4 24. Qxc4 Bd8) 23... Rxc2 24. Qxc2
Bd8 $14 25. Kf1 (25. g3 Ba5) 25... Ba5 26. g4 $5 Nh7 (26... Qd8 $5 27. g5 hxg5
28. Bxg5 Qd7 29. Kg2 Qc7 30. Qxc7 Bxc7 31. Bxf6 gxf6 32. Bg4 b5 $11) 27. Kg2
Qd8 (27... Nf8 $6 28. g5 $1 hxg5 29. Bg4 {and White has threats on the
queenside.}) 28. h4 g5 $6 {Very risky in my opinion.} (28... Nf8 29. h5 Nh7 30.
Qc4 $36) 29. h5 Bb6 30. Bd2 Nf6 31. a4 a5 32. Qc4 Bd4 33. f3 Bc5 34. Qb5 b6 35.
Qc6 $16 Kg7 36. Be1 $1 (36. Bb5 $4 Nxe4 37. fxe4 Qf6 {and Black checkmates.})
36... Qb8 37. Ba6 Qd8 38. Qc8 $2 {White rushes things for a second time and
this one is crucial. In the coming ending I basically did not see some
finesses beforehand.} (38. Bc8 $1 Ne8 (38... Ng8 39. Qb7 Ne7 40. Bd7) 39. Kf1
Nc7 40. Qb7 Kf8 $16 {and maybe my monarch could break into the queenside.})
38... Qxc8 39. Bxc8 Ne8 40. Kf1 Nc7 41. Ke2 Kf8 42. Kd3 Ke7 43. Kc4 Kd8 44. Bb7
Ke7 45. Bd2 Ke8 46. b4 axb4 47. Bxb4 Ke7 $1 $11 {I had not seen the idea with
the impregnable fortress when I went for the queen exchange.} (47... Bxb4 $2
48. Kxb4 Kd8 49. Bc6 Kc8 50. a5 $18) 48. Bc6 (48. Bxc5 dxc5 49. a5 bxa5 50.
Kxc5 Ne8 51. Bc6 Nd6 52. Ba4 Nc8 53. Kb5 Kd6 54. Kxa5 Kc5 55. Bb5 Nd6 $11 {
Impregnable fortress!}) 48... Be3 49. Kd3 Bf2 50. Bb7 Kd7 51. Bd2 Ke7 52. Kc4
Bc5 53. Bc6 Bf2 54. Bb7 Bg1 55. Bc8 Bf2 56. a5 bxa5 57. Bxa5 Kd8 58. Bf5 Bc5
59. Bg6 f6 60. Bf5 Bf2 61. Kb4 $5 {Unnecessary especially in time trouble.} ({
Step on the light squares with.} 61. Kb3) 61... Be1+ 62. Ka4 Bf2 (62... Bxa5
63. Kxa5 Na8 $11) 63. Bb4 Ke7 $11 {I should have given it up here. No chance
to break in.} 64. Bc8 Be3 65. Ba5 Kd8 $1 66. Bb7 Bf2 67. Kb3 Be3 68. Kc4 Bf2
69. Ba6 Bg1 70. Bb5 Bf2 71. Bc6 Bg1 72. Kb3 Bf2 73. Ka4 Be3 74. Bb4 Ke7 75. Ka5
Bf2 76. Ka4 Be3 77. Bb5 Bf2 78. Ba5 Kd8 79. Bxc7+ 1/2-1/2

[Event "Western Pacific op 3rd"]
[Site "Burbank"]
[Date "2005.03.27"]
[Round "5"]
[White "Atalik, Suat"]
[Black "Yermolinsky, Alex"]
[Result "1/2-1/2"]
[WhiteElo "2560"]
[BlackElo "2570"]
[Annotator "Atalik,S"]
[PlyCount "47"]
[EventDate "2005.03.25"]
[EventType "swiss"]
[EventRounds "5"]
[EventCountry "USA"]
[SourceTitle "CBM 106"]
[Source "ChessBase"]
[SourceDate "2005.06.06"]
[SourceVersion "1"]
[SourceVersionDate "2005.06.06"]
[SourceQuality "1"]

1. Nf3 c5 2. c4 Nf6 3. Nc3 e6 4. g3 b6 5. Bg2 Bb7 6. O-O Be7 7. d4 cxd4 8. Qxd4
d6 9. Bg5 a6 10. Bxf6 Bxf6 11. Qf4 O-O ({After} 11... Bxf3 {Ulf has won two
games.} 12. Qxf3 (12. exf3 $5 {is always interesting.}) 12... Ra7 13. Rfd1 O-O
14. Rac1 (14. Rd2 Rd7 15. Rc1 Qc7 16. b3 Rc8 17. a4 $14 {Andersson-Browne,
Tilburg 1982.}) 14... Rd7 15. Qe3 Qc7 16. Na4 Rdd8 17. Qxb6 Qxb6 18. Nxb6 Bxb2
19. Rb1 Be5 20. e3 $14 {Andersson-Portisch,Reggio Emilia 1989.}) 12. Rad1 $5 (
12. Rfd1 Be7 13. Ne4 Bxe4 14. Qxe4 Ra7 15. Nd4 Qc7 (15... Rc7 16. b3 Rc5 17. a4
Qc7 18. Qb1 Nd7 $1 (18... Rc8 19. Ra2 Bf8 20. e3 Qe7 21. Rc2 g6 22. Qa2 $14 {
Andersson-Seirawan,London 1982.}) 19. e3 Qc8 $5 20. Ra2 Nf6 21. Rc2 a5 {
Kasparov-Adams,Moskva 2004.} 22. Rcd2 $14) 16. Rac1 Qc5 17. Qb1 $11) 12... Be7
13. Ne4 Bxe4 14. Qxe4 Ra7 15. Nd4 Qc7 $1 {Throwing the queen in front looks
like a better idea to me.} (15... b5 $5 16. cxb5 axb5 17. a3 $1 b4 18. axb4 d5
19. Qd3 Bxb4 20. e4 dxe4 21. Qxe4 $14) (15... Rc7 16. b3 Rc5 17. Qb1 Qc8 18. a4
Rd8 19. e3 Nd7 20. Rd2 Nf6 21. Rfd1 $14) 16. b3 Qc5 17. a4 Rc7 18. Qb1 Rfc8 19.
e3 Bf8 20. Rd2 Qb4 $1 21. Rfd1 Nd7 22. Nc2 Qc3 23. Rd3 Qf6 24. Nd4 $11 1/2-1/2

[Event "Podlehnik"]
[Site "Podlehnik"]
[Date "2001.05.01"]
[Round "7"]
[White "Mohr, Georg"]
[Black "Atalik, Suat"]
[Result "1/2-1/2"]
[WhiteElo "2468"]
[BlackElo "2543"]
[Annotator "Atalik,S"]
[PlyCount "27"]
[EventDate "2001.04.24"]
[EventType "tourn"]
[EventRounds "10"]
[EventCountry "SLO"]
[EventCategory "9"]
[SourceTitle "CBM 083"]
[Source "ChessBase"]
[SourceDate "2001.07.05"]
[SourceVersion "1"]
[SourceVersionDate "2001.07.05"]
[SourceQuality "1"]

1. Nf3 Nf6 2. g3 g6 3. b3 Bg7 4. Bb2 O-O 5. Bg2 c5 6. c4 Nc6 7. O-O d6 (7...
Qa5 {is most likely the most exact move as happened in Dizdar-Atalik,Bled
(Slovenian League 1999).}) 8. e3 Bf5 9. d4 Qc8 10. Nc3 Nb4 $1 {The move which
makes black's game playable .Now black is ready to meet whites expansion in
the center.} (10... Ne4 11. Ne2) 11. Qd2 Ne4 12. Nxe4 Bxe4 13. a3 Na6 14. Ne1 (
14. Ne1 Bxg2 15. Nxg2 b6 16. Nf4 Nc7 $11) 1/2-1/2

[Event "GRE-chT 32nd"]
[Site "Kallithea"]
[Date "2003.07.08"]
[Round "6"]
[White "Atalik, Suat"]
[Black "Hellsten, Johan"]
[Result "1-0"]
[WhiteElo "2599"]
[BlackElo "2511"]
[Annotator "Atalik,S"]
[PlyCount "59"]
[EventDate "2003.07.04"]
[EventType "team-tourn"]
[EventRounds "9"]
[EventCountry "GRE"]
[SourceTitle "CBM 095 Extra"]
[Source "ChessBase"]
[SourceDate "2003.09.04"]
[SourceVersion "1"]
[SourceVersionDate "2003.09.04"]
[SourceQuality "1"]

1. Nf3 {I usually do not start the game by this move. However my tournament
situation having no wins pushed me to search for my solid Swedish opponent's
weak spots in his repertoire with black.} Nf6 2. c4 b6 3. g3 c5 4. Bg2 Bb7 5.
O-O e6 6. Nc3 Be7 7. d4 ({Others do have an affiliation for} 7. Re1 {but Alex
prefers the text.}) 7... cxd4 8. Qxd4 d6 9. Bg5 h6 $6 {An awful move but it is
still difficult to prove that white has a big advantage after this.} 10. Bxf6
Bxf6 11. Qf4 $1 {My opponent told me after the game that he already had a game
like this and his opponent has chosen a lighter move.} ({After} 11. Qd3 {
white's advantage is not that clear.}) 11... Bxc3 12. bxc3 Na6 $146 {My
opponent wants to keep his king in the center.} (12... O-O 13. Rfd1 Na6 14.
Rxd6 Qc7 15. Rad1 Rad8 16. c5 $1 bxc5 17. Rxd8 Rxd8 18. Rxd8+ Qxd8 19. Qa4 $16
{Landa-Notkin,Briansk(Russian Ch.) 1995.}) 13. Rfd1 Nc5 14. Rxd6 Qf6 15. Qe3 $1
{Exchanges should be avoided especially the queens exchange.} Bxf3 {Black
wants to play N vs B type of the game.} (15... O-O 16. Ne5 Bxg2 17. Kxg2 Qe7
18. Rad1 Qc7 19. Qf3 $16) 16. Bxf3 Rd8 (16... Rc8 $2 17. Bc6+ Kf8 (17... Ke7
18. Rad1 Rhd8 19. Qd2 $18) 18. Qd4 $1 $16) 17. Bc6+ Ke7 18. Rd4 $1 {White has
to show some accuracy in his moves now the objective is to triple on the d
line.} Rd6 19. Bg2 $1 {Giving some space for the queen.} (19. Bf3 $2 Qg5 $1 $15
{And black succeeds to exchange the queens.}) 19... Rhd8 20. Rad1 Na4 $2 {
This ambitious move turns out to be a grave mistake.} (20... R6d7 21. Bc6 Rd6
22. Qd2 e5 23. Rd5 Rxd5 24. Bxd5 $1 (24. cxd5 Qd6 $1 $44 (24... Rd6 {and Bc6
is stuck there.} 25. Qe3 Kf8 26. a4 $16)) 24... Kf8 $14) 21. Rxd6 $1 {Actually
a forced move.} (21. Qd2 $2 e5 22. Rd5 e4 $1 $15 {and the advantage changes
hands.}) 21... Rxd6 22. Rxd6 Kxd6 23. Qe4 Nxc3 24. Qc6+ Ke5 $1 {Do or die!} (
24... Ke7 $2 25. Qc7+ Kf8 26. Qb8+ Ke7 27. Qxa7+ Kf8 28. Qa8+ Ke7 29. Qa3+ Kd7
30. Qa7+ $18 Ke8 $140 $2 31. Bc6+ Kf8 32. Qb8+ Ke7 33. Qc7+ Kf8 34. Qc8+ Ke7
35. Qd7+ Kf8 36. Qe8#) 25. Qd7 $3 $18 {A study-like move.} (25. Bf3 $2 Qe7 $1
$15 {and maybe even black is better.}) (25. c5 Qd8 26. Bf3 Qd2 (26... Nd5 27.
e4 Nb4 28. Qb5 Qd3 29. Qxb4 Qxf3 30. Qb2+ Kxe4 31. Qc2+ Kd4 32. c6 $18) 27.
Qc7+ Kf6 28. c6 $16) 25... Nxe2+ {What else?} (25... Qf5 26. f4+ Kf6 27. Qd4+
$18) (25... g5 26. Qd3 $18) 26. Kf1 Nd4 {Now white wins by machine gun like
checks.} (26... Qf5 27. Kxe2 Qc2+ 28. Qd2 Qxc4+ 29. Ke1 $18) (26... Nc3 27. f4+
Kf5 28. Qd3+ Kg4 29. h3+ Kh5 30. Bf3#) 27. Qc7+ Kf5 28. Qf4+ Kg6 29. Be4+ Nf5
30. g4 {Black gives up a little bit too early.} (30. g4 Qg5 31. gxf5+ exf5 32.
Qxg5+ hxg5 33. Bd5 f4 34. Ke2 f5 35. Kd3 Kh5 36. Kd4 Kg4 37. Ke5 $18) 1-0

[Event "SRB Central-ch op-A 8th"]
[Site "Paracin"]
[Date "2015.07.07"]
[Round "6"]
[White "Abramovic, Bosko"]
[Black "Atalik, Suat"]
[Result "1/2-1/2"]
[WhiteElo "2431"]
[BlackElo "2564"]
[Annotator "Atalik,S"]
[PlyCount "62"]
[EventDate "2015.07.03"]
[EventType "swiss"]
[EventRounds "9"]
[EventCountry "SRB"]
[SourceTitle "EXT 2016"]
[Source "ChessBase"]
[SourceDate "2015.10.08"]
[SourceVersion "1"]
[SourceVersionDate "2015.10.08"]
[SourceQuality "1"]

1. c4 b6 2. Nf3 Bb7 3. g3 Nf6 (3... Bxf3 4. exf3 c5 5. d4 {is not to my taste.}
) 4. Bg2 g6 5. b3 Bg7 6. Bb2 O-O 7. O-O c5 (7... d6 8. d4 Nbd7 {is a modern
approach.}) 8. Nc3 Na6 9. d3 $6 {Bosko has his particular style} ({but} 9. d4
d5 {looks like the direct approach.}) 9... d5 10. cxd5 Nxd5 11. Qd2 Nxc3 12.
Bxc3 Bxc3 13. Qxc3 Nc7 14. Qb2 Rc8 15. Rac1 Qd6 16. Rfd1 Rfd8 $15 {Black has
space and the initiative.} 17. a3 Ne6 (17... a5 $5 18. h4 Ne6 19. Ng5 Bxg2 20.
Nxe6 Qxe6 21. Kxg2 Rd5 $15) 18. b4 (18. Ng5 Bxg2 19. Nxe6 Qxe6 20. Kxg2 Rd5 21.
b4 Rh5 22. h4 g5 23. bxc5 gxh4 24. cxb6 hxg3 25. Rh1 Rxh1 26. Rxh1 axb6 27. Rh3
$132) 18... c4 $6 {A little bit primitive!} (18... Rc7 {and some patience
would have put White's shy opening play under suspect.}) 19. Qa1 $1 $11 cxd3
20. Rxd3 Qb8 (20... Rxc1+ 21. Qxc1 Qb8) 21. Rxd8+ (21. Rxc8 Qxc8) 21... Rxd8
22. Qe5 Rd6 (22... Qxe5 $6 23. Nxe5 Nd4 24. Rc7 Nxe2+ 25. Kf1 Ba6 26. Ke1 Nd4
27. Be4 $44) 23. Qe3 Qd8 24. h4 $1 Rd1+ 25. Kh2 (25. Rxd1 Qxd1+ 26. Kh2 Bxf3
27. Qxf3 $11 (27. Bxf3 $2 Qd4)) 25... Rxc1 26. Qxc1 Bxf3 27. Bxf3 Nd4 {Usually
queen and knight operates better than queen and bishop but this position is
not a good example for it.} 28. Kg2 h5 {Basically I have given myself into a
draw.} 29. Qd1 (29. Bxh5 $5 $11 {would have terminated the game at one shot.})
29... Qd6 30. e3 Nxf3 31. Qxf3 (31. Qxd6 $2 Nxh4+) 31... Qd7 $11 1/2-1/2